Southville International School and Colleges
Your cart is empty.
  • Cart
  • Lists
    Public lists Eva Luna New books Lux_list list_1
    Your lists Log in to create your own lists
  • Log in to your account
  • Your cookies
  • Search history
Southville International School and Colleges
  • Advanced search
  • Recent comments
  • Most popular
  • Libraries

Log in to your account

Log in with GOOGLE


If you do not have an external account, but do have a local account, you can still log in:

  1. Home
  2. MARC view: People in my family /
Normal view MARC view ISBD view

People in my family / (Record no. 104910)

[ view plain ]
MARC details
000 -LEADER
fixed length control field 00525nam a2200181 a 4500
005 - DATE AND TIME OF LATEST TRANSACTION
control field 20140412111331.0
008 - FIXED-LENGTH DATA ELEMENTS--GENERAL INFORMATION
fixed length control field 030210s19uu xx 00 eng d
020 ## - INTERNATIONAL STANDARD BOOK NUMBER
International Standard Book Number 0-307-10070-7
050 ## - LIBRARY OF CONGRESS CALL NUMBER
Classification number ER
Item number Pe39 1983
100 ## - MAIN ENTRY--PERSONAL NAME
Personal name Moss, Jeffrey
245 ## - TITLE STATEMENT
Title People in my family /
Statement of responsibility, etc by Jeffrey Moss ; illustrated by Carol Nicklaus.
260 ## - PUBLICATION, DISTRIBUTION, ETC. (IMPRINT)
Name of publisher, distributor, etc A Sesame Street/Golden Press Book,
Date of publication, distribution, etc 1983.
300 ## - PHYSICAL DESCRIPTION
Extent 1 v. (unp.) ; ill.
440 ## - SERIES STATEMENT/ADDED ENTRY--TITLE
Title CTW/Sesame Street
650 ## - SUBJECT ADDED ENTRY--TOPICAL TERM
Topical term or geographic name as entry element Families--Fiction
650 ## - SUBJECT ADDED ENTRY--TOPICAL TERM
Topical term or geographic name as entry element Counting
Holdings
Withdrawn status Lost status Damaged status Use restrictions Home library Current library Shelving location Date acquired Source of acquisition Total Checkouts Full call number Barcode Date last seen Price effective from Koha item type
        Elizalde Library Elizalde Library Easy Reading Section 02/10/2003     ER Pe39 1983 E8990 04/12/2014 04/12/2014 Books

People in my family /

APA

Moss J., . (1983). People in my family. : A Sesame Street/Golden Press Book.

Chicago

Moss Jeffrey, . 1983. People in my family. : A Sesame Street/Golden Press Book.

Harvard

Moss J., . (1983). People in my family. : A Sesame Street/Golden Press Book.

MLA

Moss Jeffrey, . People in my family. : A Sesame Street/Golden Press Book. 1983.

  • Place hold
  • Print
  • Cite
  • Add to your cart (remove)
  • Save record
    BIBTEX Dublin Core MARCXML MARC (non-Unicode/MARC-8) MARC (Unicode/UTF-8) MARC (Unicode/UTF-8, Standard) MODS (XML) RIS
  • More searches
    Search for this title in:
    Other Libraries (WorldCat) Other Databases (Google Scholar) Online Stores (Bookfinder.com) Open Library (openlibrary.org)

Exporting to Dublin Core...

SOUTHVILLE LIBRARY

Southville International School and Colleges Library

1281 Tropical Ave. Cor. Luxembourg St., BF Homes International, Las Pinas City

Tel. No. 8256374 / 252358 Loc. 117/146

Powered by Koha